Movies Quiz

Random Movies or Role Quiz
Score 0/10 Timer 07:00
1 Play Today
% Correct
Tom Cruise
86.8%
Mickey Rourke
62%
Javier Bardem
59.5%
Hugo Weaving
58.5%
Charlize Theron
57%
Gerard Butler
52.7%
Edward Norton
50.8%
Ralph Fiennes
42.2%
Liam Neeson
38.4%
Aaron Eckhart
35.9%
Remove Ads.
Support Sporcle.
Get the best of Sporcle when you Go Orange. This ad-free experience offers more features, more stats, and more fun while also helping to support Sporcle. Thank you for becoming a member.

You're not logged in!

Compare scores with friends on all Sporcle quizzes.
OR
Log In

Show Comments

Extras

Top Quizzes Today


Score Distribution

Your Account Isn't Verified!

In order to create a playlist on Sporcle, you need to verify the email address you used during registration. Go to your Sporcle Settings to finish the process.

Report this User

Report this user for behavior that violates our Community Guidelines.

Details: